000 00608nam a2200205Ia 4500
003 GCL
008 140319s9999 xx 000 0 ara d
020 _a0414902977
040 _aGCL /
_cGCL
082 0 4 _a810.8
_bم ف
100 1 _aمصطفى محمود
245 1 0 _aفى الحب والحياة /
_cمصطفى محمود
250 _aالخامسة
260 _aالقاهرة :
_bدار المعارف ،
_c1993
300 _a139 ص ؛
_c18 سم
650 0 4 _aالادب العربى
650 0 4 _aالمجتمع والفرد
650 0 4 _aالمرأة فى الاسلام
942 _2ddc
_cBK
999 _c48769
_d48769